Szczegóły MARC21

Leutnant Gustl : Erzählungen 1900-1907 /

003 -Nazwa inst., której nr kontr. jest w polu 001 [,]
    • @
    • Nazwa instytucji, której n kontrolny jest w polu 001
    • NUKAT
005 -DATA I CZAS OSTATNIEJ MODYFIKACJI [,]
    • @
    • pole kontrolne
    • 20241231105332.0
020 -Międzynarod. znormalizowany nr książki - ISBN [ , ]
    • a
    • Numer ISBN
    • 359614941X Find
040 -Instytucja sporządzająca opis [ , ]
    • a
    • Instytucja, która sporządziła opis (NP)
    • SZCZ U/MC
    • b
    • Język katalogowania
    • pol
    • e
    • Zasady katalogowania
    • rda
    • c
    • Instytucja, która sporządziła rekord (NP)
    • SZCZ U/MCs
942 -Rodzaj dokumentu [ , ]
    • c
    • Rodzaj dokumentu
    • Książka
100 -Hasło główne - nazwa osobowa [1, ]
    • a
    • Nazwa osobowa (NP)
    • Schnitzler, Arthur
    • d
    • Daty biograficzne (NP)
    • (1862-1931).
    • e
    • Rodzaj współpracy
    • Autor
    • 9
    • KHW
    • 251674
240 -Tytuł ujednolicony [1,0]
    • a
    • Tytuł ujednolicony
    • Leutnant Gustl
    • l
    • Język tekstu
    • (niem.)
    • 9
    • KHW
    • 448568
245 -Strefa tytułu i oznaczenia odpowiedzialności [1,0]
    • a
    • Tytuł
    • Leutnant Gustl : Find
    • b
    • Ciąg dalszy tytułu (NP)
    • Erzählungen 1900-1907 / Find
    • c
    • Pozostałe elementy strefy tytułu i oznaczenia odpowiedzialności (NP)
    • Arthur Schnitzler.
250 -Strefa wydania [ , ]
    • a
    • Oznaczenie wydania (NP)
    • 4. Auflage: Januar 2005.
260 -Strefa adresu wydawniczego [ , ]
    • a
    • Miejsce wydania (P)
    • Frankfurt am Main :
    • b
    • Nazwa wydawcy (P)
    • Fischer Taschenbuch Verlag,
    • c
    • Data wydania (P)
    • 2005.
300 -Strefa opisu fizycznego [ , ]
    • a
    • Określenie formy książki i/lub objętość (NP)
    • 223, [1] strona ;
    • c
    • Format (NP)
    • 19 cm.
336 -Typ zawartości [ , ]
    • a
    • Termin opisujący typ zawartości
    • Tekst
    • b
    • Kod określający zawartość
    • txt
    • 2
    • Źródło (terminu i kodu)
    • rdacontent
337 -Typ mediów [ , ]
    • a
    • Tryb odtwarzania
    • Bez urządzenia pośredniczącego
    • b
    • Kod typu mediów
    • n
    • 2
    • Źródło (terminu i kodu)
    • rdamedia
338 -Typ/rodzaj nośnika [ , ]
    • a
    • Hasło opisujące typ nośnika
    • Wolumin
    • b
    • Kod typu nośnika
    • nc
    • 2
    • Źródło (terminu i kodu)
    • rdacarrier
490 -Strefa serii i książki wielotomowej - forma nie do wyszukiwania [1, ]
    • a
    • Tytuł (P)
    • Fischer ; Find
    • v
    • Numeracja (P)
    • 14941
830 -Hasło dodatkowe serii i opisu książki wielotomowej - tytuł ujednolicony/tytuł [ ,0]
    • a
    • Tytuł ujednolicony/tytuł (NP)
    • Fischer-Taschenbücher
    • x
    • ISSN
    • 0173-5438
    • v
    • Oznaczenie tomu (NP)
    • Bd. 14941
    • 9
    • KHW
    • 12187
504 -Uwaga dot. bibliogr. załącznikowej [ , ]
    • a
    • Uwaga dot. bibliografii załącznikowej
    • Bibliografia na stronach 222-[224].
505 -Uwaga dot. zawartości książki [0, ]
    • a
    • Uwaga dot. zawartości książki
    • Leutnant Gustl ; Der blinde Geronimo und sein Bruder ; Legende, Der Leuchtkäfer ; Boxeraufstand ; Die Grüne Krawatte ; Die Fremde ; Die griechische Tänzerin ; Wohltaten, still und rein gegeben ; Die Weissagung ; Das Schicksal des Freiherrn von Leisenbogh ; Das neue Lied ; Der tote Gabriel ; Geschichte eines Genies ; Der Tod des Junggesellen.
080 -Uniwersalna Klasyfikacja Dziesiętna [ , ]
    • 2
    • Identyfikator wydania tablic
    • UDC-P058
    • a
    • Symbol klasyfikacji
    • 821.112.2(436)-3
    • b
    • Dopowiedzenie
    • Literatura austriacka. - Powieści, nowele, opowiadania.
    • x
    • Poddział wspólny
    • =112.2
    • b
    • Dopowiedzenie
    • =Język niemiecki (wysokoniemiecki, standardowy niemiecki).
655 -Hasło w funkcji tematu formalnego [ ,7]
    • a
    • Hasło
    • Nowele austriackie
    • y
    • Określnik chronologiczny
    • 1870-1914.
    • 2
    • Źródło terminu
    • kaba
    • 9
    • KHW
    • 480653
980 -Symbol UKD [ , ]
    • a
    • UKD
    • 821.112.2(436)-3=112.2
700 -Hasło dodatkowe - nazwa osobowa [1,2]
    • a
    • Nazwa osobowa (NP)
    • Schnitzler, Arthur Find
    • d
    • Daty biograficzne (NP)
    • (1862-1931).
    • t
    • Tytuł ujednolicony/tytuł (NP)
    • Blinde Geronimo und sein Bruder Find
    • l
    • Język tekstu (NP)
    • (niem.)
    • 9
    • KHW
    • 654649
700 -Hasło dodatkowe - nazwa osobowa [1,2]
    • a
    • Nazwa osobowa (NP)
    • Schnitzler, Arthur Find
    • d
    • Daty biograficzne (NP)
    • (1862-1931).
    • t
    • Tytuł ujednolicony/tytuł (NP)
    • Legende Find
    • l
    • Język tekstu (NP)
    • (niem.)
    • 9
    • KHW
    • 654650
700 -Hasło dodatkowe - nazwa osobowa [1,2]
    • a
    • Nazwa osobowa (NP)
    • Schnitzler, Arthur Find
    • d
    • Daty biograficzne (NP)
    • (1862-1931).
    • t
    • Tytuł ujednolicony/tytuł (NP)
    • Leuchtkäfer Find
    • l
    • Język tekstu (NP)
    • (niem.)
    • 9
    • KHW
    • 654651
700 -Hasło dodatkowe - nazwa osobowa [1,2]
    • a
    • Nazwa osobowa (NP)
    • Schnitzler, Arthur Find
    • d
    • Daty biograficzne (NP)
    • (1862-1931).
    • t
    • Tytuł ujednolicony/tytuł (NP)
    • Boxeraufstand Find
    • l
    • Język tekstu (NP)
    • (niem.)
    • 9
    • KHW
    • 654652
700 -Hasło dodatkowe - nazwa osobowa [1,2]
    • a
    • Nazwa osobowa (NP)
    • Schnitzler, Arthur Find
    • d
    • Daty biograficzne (NP)
    • (1862-1931).
    • t
    • Tytuł ujednolicony/tytuł (NP)
    • Grüne Krawatte Find
    • l
    • Język tekstu (NP)
    • (niem.)
    • 9
    • KHW
    • 654653
700 -Hasło dodatkowe - nazwa osobowa [1,2]
    • a
    • Nazwa osobowa (NP)
    • Schnitzler, Arthur Find
    • d
    • Daty biograficzne (NP)
    • (1862-1931).
    • t
    • Tytuł ujednolicony/tytuł (NP)
    • Fremde Find
    • l
    • Język tekstu (NP)
    • (niem.)
    • 9
    • KHW
    • 654654
700 -Hasło dodatkowe - nazwa osobowa [1,2]
    • a
    • Nazwa osobowa (NP)
    • Schnitzler, Arthur Find
    • d
    • Daty biograficzne (NP)
    • (1862-1931).
    • t
    • Tytuł ujednolicony/tytuł (NP)
    • Griechische Tänzerin Find
    • l
    • Język tekstu (NP)
    • (niem.)
    • 9
    • KHW
    • 654655
700 -Hasło dodatkowe - nazwa osobowa [1,2]
    • a
    • Nazwa osobowa (NP)
    • Schnitzler, Arthur Find
    • d
    • Daty biograficzne (NP)
    • (1862-1931).
    • t
    • Tytuł ujednolicony/tytuł (NP)
    • Wohltaten, still und rein gegeben Find
    • l
    • Język tekstu (NP)
    • (niem.)
    • 9
    • KHW
    • 654656
700 -Hasło dodatkowe - nazwa osobowa [1,2]
    • a
    • Nazwa osobowa (NP)
    • Schnitzler, Arthur Find
    • d
    • Daty biograficzne (NP)
    • (1862-1931).
    • t
    • Tytuł ujednolicony/tytuł (NP)
    • Weissagung Find
    • l
    • Język tekstu (NP)
    • (niem.)
    • 9
    • KHW
    • 654657
700 -Hasło dodatkowe - nazwa osobowa [1,2]
    • a
    • Nazwa osobowa (NP)
    • Schnitzler, Arthur Find
    • d
    • Daty biograficzne (NP)
    • (1862-1931).
    • t
    • Tytuł ujednolicony/tytuł (NP)
    • Schicksal des Freiherrn von Leisenbogh Find
    • l
    • Język tekstu (NP)
    • (niem.)
    • 9
    • KHW
    • 460911
700 -Hasło dodatkowe - nazwa osobowa [1,2]
    • a
    • Nazwa osobowa (NP)
    • Schnitzler, Arthur Find
    • d
    • Daty biograficzne (NP)
    • (1862-1931).
    • t
    • Tytuł ujednolicony/tytuł (NP)
    • Neue Lied Find
    • l
    • Język tekstu (NP)
    • (niem.)
    • 9
    • KHW
    • 654658
700 -Hasło dodatkowe - nazwa osobowa [1,2]
    • a
    • Nazwa osobowa (NP)
    • Schnitzler, Arthur Find
    • d
    • Daty biograficzne (NP)
    • (1862-1931).
    • t
    • Tytuł ujednolicony/tytuł (NP)
    • Tote Gabriel Find
    • l
    • Język tekstu (NP)
    • (niem.)
    • 9
    • KHW
    • 654659
700 -Hasło dodatkowe - nazwa osobowa [1,2]
    • a
    • Nazwa osobowa (NP)
    • Schnitzler, Arthur Find
    • d
    • Daty biograficzne (NP)
    • (1862-1931).
    • t
    • Tytuł ujednolicony/tytuł (NP)
    • Geschichte eines Genies Find
    • l
    • Język tekstu (NP)
    • (niem.)
    • 9
    • KHW
    • 654660
700 -Hasło dodatkowe - nazwa osobowa [1,2]
    • a
    • Nazwa osobowa (NP)
    • Schnitzler, Arthur Find
    • d
    • Daty biograficzne (NP)
    • (1862-1931).
    • t
    • Tytuł ujednolicony/tytuł (NP)
    • Tod des Junggesellen Find
    • l
    • Język tekstu (NP)
    • (niem.)
    • 9
    • KHW
    • 654661
710 -Hasło dodatkowe - nazwa ciała zbiorowego [2, ]
    • a
    • Nazwa ciała zbiorowego lub nazwa geograficzna jako pierwszy element (NP)
    • Fischer Taschenbuch Verlag.
    • e
    • Rodzaj współpracy
    • Wydawca
    • 4
    • Kod relacji
    • pbl
    • 9
    • KHW
    • 68672
920 -ISBN [ , ]
    • a
    • ISBN
    • 3-596-14941-X Find
Numer inwentarzowy Status udost. Lokalizacja Data inwentaryzacji Sygnatura
G.18615-3BM2008-11-14Germ. Opowiadania austriackie